<?xml version="1.0" encoding="UTF-8"?>
<record
    xmlns:xsi="http://www.w3.org/2001/XMLSchema-instance"
    xsi:schemaLocation="http://www.loc.gov/MARC21/slim http://www.loc.gov/standards/marcxml/schema/MARC21slim.xsd"
    xmlns="http://www.loc.gov/MARC21/slim">

  <leader>00656nam a22001337a 4500</leader>
  <datafield tag="040" ind1=" " ind2=" ">
    <subfield code="c">RUA</subfield>
  </datafield>
  <datafield tag="082" ind1=" " ind2=" ">
    <subfield code="a">AGR LUY 2014 B432 Or.1</subfield>
  </datafield>
  <datafield tag="100" ind1=" " ind2=" ">
    <subfield code="a">LUY SOKHIM; &#x179B;&#x17BB;&#x1799; &#x179F;&#x17BB;&#x1783;&#x17B8;&#x1798;</subfield>
  </datafield>
  <datafield tag="245" ind1=" " ind2=" ">
    <subfield code="a">Small house hold's sugar cane production in phnom srouch district, kompong speu prtovince, &#x1795;&#x179B;&#x17B7;&#x178F;&#x1780;&#x1798;&#x17D2;&#x1798;&#x178A;&#x17C6;&#x178E;&#x17B6;&#x17C6;&#x17A2;&#x17C6;&#x1796;&#x17C5;&#x1787;&#x17B6;&#x179B;&#x1780;&#x17D2;&#x1781;&#x178E;&#x17C8;&#x1782;&#x17D2;&#x179A;&#x17BD;&#x179F;&#x17B6;&#x179A;&#x1793;&#x17C5;&#x179F;&#x17D2;&#x179A;&#x17BB;&#x1780;&#x1797;&#x17D2;&#x1793;&#x17C6;&#x179F;&#x17D2;&#x179A;&#x17BD;&#x1785; &#x1781;&#x17C1;&#x178F;&#x17D2;&#x178F;&#x1780;&#x17C6;&#x1796;&#x1784;&#x17CB;&#x179F;&#x17D2;&#x1796;&#x17B9;</subfield>
  </datafield>
  <datafield tag="260" ind1=" " ind2=" ">
    <subfield code="a">Phnom Penh</subfield>
    <subfield code="b">RUA</subfield>
    <subfield code="c">2014</subfield>
  </datafield>
  <datafield tag="300" ind1=" " ind2=" ">
    <subfield code="a">xi ;51p.</subfield>
    <subfield code="b">ill.</subfield>
    <subfield code="c">29cm.</subfield>
  </datafield>
  <datafield tag="856" ind1=" " ind2=" ">
    <subfield code="u">https://drive.google.com/file/d/1njfzIfzOd4C_QcxHxXl2WXxjQosPeln1/view?usp=sharing</subfield>
  </datafield>
  <datafield tag="942" ind1=" " ind2=" ">
    <subfield code="c">AGR</subfield>
  </datafield>
  <datafield tag="999" ind1=" " ind2=" ">
    <subfield code="c">7030</subfield>
    <subfield code="d">7030</subfield>
  </datafield>
  <datafield tag="952" ind1=" " ind2=" ">
    <subfield code="0">0</subfield>
    <subfield code="1">0</subfield>
    <subfield code="2">ddc</subfield>
    <subfield code="4">0</subfield>
    <subfield code="6">AGR_LUY_2014_000000000000000_B432_OR_1</subfield>
    <subfield code="7">0</subfield>
    <subfield code="9">40934</subfield>
    <subfield code="a">LBB</subfield>
    <subfield code="b">LBB</subfield>
    <subfield code="c">B432</subfield>
    <subfield code="d">2016-02-25</subfield>
    <subfield code="l">1</subfield>
    <subfield code="o">AGR LUY 2014 B432 Or.1</subfield>
    <subfield code="p">RUA050936</subfield>
    <subfield code="r">2016-07-11</subfield>
    <subfield code="s">2016-06-27</subfield>
    <subfield code="w">2016-02-25</subfield>
    <subfield code="y">AGR</subfield>
  </datafield>
  <datafield tag="952" ind1=" " ind2=" ">
    <subfield code="0">0</subfield>
    <subfield code="1">0</subfield>
    <subfield code="2">ddc</subfield>
    <subfield code="4">0</subfield>
    <subfield code="6">AGR_LUY_2014_000000000000000_B432_OR_2</subfield>
    <subfield code="7">0</subfield>
    <subfield code="9">40935</subfield>
    <subfield code="a">LBB</subfield>
    <subfield code="b">LBB</subfield>
    <subfield code="c">B432</subfield>
    <subfield code="d">2016-02-25</subfield>
    <subfield code="o">AGR LUY 2014 B432 Or.2</subfield>
    <subfield code="p">RUA051805</subfield>
    <subfield code="r">2016-02-25</subfield>
    <subfield code="w">2016-02-25</subfield>
    <subfield code="y">AGR</subfield>
  </datafield>
  <datafield tag="952" ind1=" " ind2=" ">
    <subfield code="0">0</subfield>
    <subfield code="1">0</subfield>
    <subfield code="2">ddc</subfield>
    <subfield code="4">0</subfield>
    <subfield code="6">AGR_LUY_2014_000000000000000_B432_OR_3</subfield>
    <subfield code="7">0</subfield>
    <subfield code="9">40936</subfield>
    <subfield code="a">LBB</subfield>
    <subfield code="b">LBB</subfield>
    <subfield code="c">B432</subfield>
    <subfield code="d">2016-02-25</subfield>
    <subfield code="l">1</subfield>
    <subfield code="o">AGR LUY 2014 B432 Or.3</subfield>
    <subfield code="p">RUA051974</subfield>
    <subfield code="r">2016-06-22</subfield>
    <subfield code="s">2016-06-15</subfield>
    <subfield code="w">2016-02-25</subfield>
    <subfield code="y">AGR</subfield>
  </datafield>
  <datafield tag="952" ind1=" " ind2=" ">
    <subfield code="0">0</subfield>
    <subfield code="1">0</subfield>
    <subfield code="2">ddc</subfield>
    <subfield code="4">0</subfield>
    <subfield code="6">AGR_LUY_2014_000000000000000_B432_OR_4</subfield>
    <subfield code="7">0</subfield>
    <subfield code="9">40937</subfield>
    <subfield code="a">LBB</subfield>
    <subfield code="b">LBB</subfield>
    <subfield code="c">B432</subfield>
    <subfield code="d">2016-02-25</subfield>
    <subfield code="l">2</subfield>
    <subfield code="o">AGR LUY 2014 B432 Or.4</subfield>
    <subfield code="p">RUA052292</subfield>
    <subfield code="r">2018-03-02</subfield>
    <subfield code="s">2018-02-07</subfield>
    <subfield code="w">2016-02-25</subfield>
    <subfield code="y">AGR</subfield>
  </datafield>
  <datafield tag="952" ind1=" " ind2=" ">
    <subfield code="0">0</subfield>
    <subfield code="1">0</subfield>
    <subfield code="2">ddc</subfield>
    <subfield code="4">0</subfield>
    <subfield code="6">AGR_LUY_2014_000000000000000_B432_OR_5</subfield>
    <subfield code="7">0</subfield>
    <subfield code="9">40938</subfield>
    <subfield code="a">LBB</subfield>
    <subfield code="b">LBB</subfield>
    <subfield code="c">B432</subfield>
    <subfield code="d">2016-02-25</subfield>
    <subfield code="o">AGR LUY 2014 B432 Or.5</subfield>
    <subfield code="p">RUA051975</subfield>
    <subfield code="r">2016-02-25</subfield>
    <subfield code="w">2016-02-25</subfield>
    <subfield code="y">AGR</subfield>
  </datafield>
  <datafield tag="952" ind1=" " ind2=" ">
    <subfield code="0">0</subfield>
    <subfield code="1">0</subfield>
    <subfield code="2">ddc</subfield>
    <subfield code="4">0</subfield>
    <subfield code="6">AGR_LUY_2014_000000000000000_B432_OR_6</subfield>
    <subfield code="7">0</subfield>
    <subfield code="9">40939</subfield>
    <subfield code="a">LBB</subfield>
    <subfield code="b">LBB</subfield>
    <subfield code="c">B432</subfield>
    <subfield code="d">2016-02-25</subfield>
    <subfield code="l">2</subfield>
    <subfield code="m">1</subfield>
    <subfield code="o">AGR LUY 2014 B432 Or.6</subfield>
    <subfield code="p">RUA052103</subfield>
    <subfield code="r">2018-05-16</subfield>
    <subfield code="s">2018-05-16</subfield>
    <subfield code="w">2016-02-25</subfield>
    <subfield code="y">AGR</subfield>
  </datafield>
  <datafield tag="952" ind1=" " ind2=" ">
    <subfield code="0">0</subfield>
    <subfield code="1">0</subfield>
    <subfield code="2">ddc</subfield>
    <subfield code="4">0</subfield>
    <subfield code="6">AGR_LUY_2014_000000000000000_B432_OR_7</subfield>
    <subfield code="7">0</subfield>
    <subfield code="9">40940</subfield>
    <subfield code="a">LBB</subfield>
    <subfield code="b">LBB</subfield>
    <subfield code="c">B432</subfield>
    <subfield code="d">2016-02-25</subfield>
    <subfield code="o">AGR LUY 2014 B432 Or.7</subfield>
    <subfield code="p">RUA050793</subfield>
    <subfield code="r">2016-02-25</subfield>
    <subfield code="w">2016-02-25</subfield>
    <subfield code="y">AGR</subfield>
  </datafield>
  <datafield tag="952" ind1=" " ind2=" ">
    <subfield code="0">0</subfield>
    <subfield code="1">0</subfield>
    <subfield code="2">ddc</subfield>
    <subfield code="4">0</subfield>
    <subfield code="6">AGR_LUY_2014_000000000000000_B432_OR_8</subfield>
    <subfield code="7">0</subfield>
    <subfield code="9">40941</subfield>
    <subfield code="a">LBB</subfield>
    <subfield code="b">LBB</subfield>
    <subfield code="c">B432</subfield>
    <subfield code="d">2016-02-25</subfield>
    <subfield code="o">AGR LUY 2014 B432 Or.8</subfield>
    <subfield code="p">RUA050818</subfield>
    <subfield code="r">2016-02-25</subfield>
    <subfield code="w">2016-02-25</subfield>
    <subfield code="y">AGR</subfield>
  </datafield>
</record>
